| 000 | 00385nam a2200145Ia 4500 | ||
|---|---|---|---|
| 008 | 240624s9999 xx 000 0 und d | ||
| 041 | _aeng | ||
| 082 | _a658.3 PAR | ||
| 100 | _aPAREEK UDAI | ||
| 245 | _aDESIGNING AND MANAGING HUMAN RESOURCE SY | ||
| 250 | _a(3rd ed.) | ||
| 260 |
_c2006 _aNew Delhi _bOxford & IBH Publishing |
||
| 300 | _axv, , 622 , 25 , p. , cm. | ||
| 365 |
_cRS _b30 |
||
| 999 |
_c7309 _d7309 |
||